Les 25 joueurs les mieux valorisés de Saudi Pro League en 2025 - Statistiques

Statistiques générales
  • Ce quiz a été pris 38 fois
  • Le résultat moyen est 9 sur 26
Statistiques - réponses
Rang Valeur Club Nationalité Réponse % Correct
- 12 M Al-Nassr Portugal Cristiano Ronaldo
79%
2 35 M Al-Ittihad France Moussa Diaby
79%
1 40 M Al-Nassr Colombie Jhon Durán
76%
3 28 M Al-Hilal Portugal Rúben Neves
62%
10 20 M Al-Hilal Brésil Sergej Milinković-Savić
56%
7 25 M Al-Hilal Serbie Aleksandar Mitrović
53%
- 25 M Al-Hilal Brésil Malcom
50%
- 18 M Al-Nassr Espagne Aymeric Laporte
47%
12 18 M Al-Hilal Portugal João Cancelo
47%
- 28 M Al-Nassr France Mohamed Simakan
44%
- 28 M Al-Ahli Angleterre Ivan Toney
38%
- 18 M Al-Nassr Portugal Otávio
38%
9 23 M Al-Ahli Espagne Gabri Veiga
32%
- 18 M Al-Ittihad Brésil Fabinho
29%
- 15 M Al-Ahli Côte d'Ivoire Franck Kessié
29%
- 12 M Al-Nassr Croatie Marcelo Brozović
26%
17 15 M Al-Hilal Brésil Renan Lodi
26%
- 20 M Al-Hilal Brésil Marcos Leonardo
24%
- 15 M Al-Ittihad Pays-Bas Steven Bergwijn
24%
21 12 M Al-Orobah France Kurt Zouma
18%
- 18 M Al-Ahli Brésil Roger Ibañez
18%
20 14 M Al-Ahli Turquie Merih Demiral
15%
- 12 M Al-Nassr Brésil Bento
9%
6 27 M Al-Ahli Brésil Galeno
9%
- 12 M Al-Qadsiah Espagne Cameron Puertas
6%
- 12 M Al-Qadsiah Argentine Ezequiel Fernández
6%
Aucun quiz correspondant
Distribution des résultats
% des personnes avec chaque résultat
Percentile par nombre de réponses
Votre historique - résultats
Vous n’avez pas pris ce quiz